| 000 | 00485cam a2200145u 4500 | ||
|---|---|---|---|
| 082 |
_a355.5 _bFUL |
||
| 100 | 1 |
_aFuller, J. F. C. _937121 |
|
| 245 | 0 | 0 | _aSir John Moore's system of training, |
| 260 |
_aLondon, _bHutchinson & co. _c[1925] |
||
| 300 |
_axiii p., 1 l., 17-255 p. incl. front. (port.) plates (part fold; incl. music) _c23 cm. |
||
| 526 |
_a0 _b0 _c0 _d355_500000000000000_FUL |
||
| 650 | 0 |
_aMCE _9379 |
|
| 650 | 0 |
_aMilitary education _zGreat Britain. _949799 |
|
| 942 |
_2ddc _cBK |
||
| 999 |
_c552565 _d552565 |
||